00603nam a22002057a 450000500170000001000110001702000100002803500110003803700160004904000120006508200130007710000230009024501460011324600060025926000380026527000300030330000200033365000170035365000270037020170124105936.0 a360028 c00.00 a360028 bCen Lib/Ret aDPLbEN a215bVIV aVivekananda, Swami aThe science and the philosophy of religion :cby Swami Vivekananda ba comparative study of samkhya, vedanta and others systems of thoughts / b  bUdbodhan Office aCalcutta c1964 bCalcutta aUdbodhan Lane  a112p.c17cm(Hb) aReligion z  aPhilosophy and science